000
00356nam a2200157Ia 4500
003
OSt
005
20240208112359.0
008
170524s9999 xx 000 0 und d
020
_a
9789339205362
040
_c
IIMT UNIVERSITY
100
_a
APTE- P G
100
_c
2011
245
0
_a
INTERNATIONAL FINANCIAL MANAGEMENT
260
_a
TMH
942
_2
ddc
_c
01
999
_c
2695
_d
2695